| 000 | 00353nam a2200157Ia 4500 | ||
|---|---|---|---|
| 999 |
_c25450 _d25450 |
||
| 003 | 0100 | ||
| 005 | 20190207144558.0 | ||
| 008 | 130303s9999 xx 000 0 und d | ||
| 040 | _cARRUPELIB | ||
| 050 | _aBV3503RUS1981 | ||
| 100 |
_aRussell, H _944486 |
||
| 245 | _aAfrica's twelve apostles | ||
| 260 | _aBoston | ||
| 260 |
_bST. Paul Publications _c1981 |
||
| 300 | _a385p | ||
| 650 |
_aMissionaries _xAfrica _xBiography _944487 |
||
| 650 |
_aCatholic church _xClergy _xBiography _944488 |
||
| 942 |
_2lcc _cMONOGRAPH |
||